| Record ID | ia:identitytheft0000stra |
| Source | Internet Archive |
| Download MARC XML | https://archive.org/download/identitytheft0000stra/identitytheft0000stra_marc.xml |
| Download MARC binary | https://www.archive.org/download/identitytheft0000stra/identitytheft0000stra_meta.mrc |
LEADER: 02256cam 2200433Ia 4500
001 ocn123296712
003 OCoLC
005 20200829090448.0
008 070419s2006 tnu b 000 0 eng d
040 $aZQP$beng$cZQP$dBTCTA$dBAKER$dBDX$dOCLCF$dVLB$dOCL$dOCLCQ
020 $a1418505943
020 $a9781418505943
035 $a(OCoLC)123296712
050 14 $aBV4531.3$b.S77 2006
082 04 $a248.8/3$222
100 1 $aStrack, Jay.
245 10 $aIdentity theft /$cJay Strack.
260 $aNashville, TN :$bNelson Impact,$c©2006.
300 $a138 pages ;$c23 cm.
336 $atext$btxt$2rdacontent
337 $aunmediated$bn$2rdamedia
338 $avolume$bnc$2rdacarrier
490 1 $aStudent leadership university study guide series
504 $aIncludes bibliographical references (pages 132-137).
520 $aIn Identity Theft: What Every Student Needs to Watch Out For, Dr. Strack encourages students to not lose their identity in Christ as they journey from adolescence to adulthood. Chapter titles include: Watch Where You Hang: Peer Pressure and the Crowd; I Can't Remember What I Did: The Behavior Driven by Alcohol and Drugs; Too Many Mistakes--I Give Up: Robbed by the Past; Too Ashamed to Tell: Sexual Experiences and Experiments; Not Me-I'm Too Dumb: Lack of Self-Confidence; Club Chameleon: Changing Who You Are to Fit In; It's Not My Fault: The Self-Destruction of Excuse Land; Pharisees and Other Self-Help Groups: When Life is Just Rules and No Joy.
650 0 $aTeenagers$xConduct of life.
650 0 $aConduct of life$xReligious aspects$xChristianity.
650 0 $aYouth$xReligious life.
650 0 $aChristian life.
650 7 $aTeenagers$xConduct of life$2fast$0(OCoLC)fst01145563
650 7 $aChristian life.$2fast$0(OCoLC)fst00859185
650 7 $aConduct of life$xReligious aspects$xChristianity.$2fast$0(OCoLC)fst00874575
650 7 $aYouth$xReligious life.$2fast$0(OCoLC)fst01183502
830 0 $aStudent leadership university study guide series.
938 $aBaker & Taylor$bBKTY$c9.99$d7.49$i1418505943$n0006687068$sactive
938 $aBrodart$bBROD$n05178789$c$7.99
938 $aBaker and Taylor$bBTCP$nBK0006687068
994 $aZ0$bP4A
948 $hNO HOLDINGS IN P4A - 9 OTHER HOLDINGS